000 00814nam a22002417a 4500
001 87001
003 UA-OsUOA
005 20220501152027.0
007 ta
008 20120913b un ||||| |||| 00| 0 ukr d
040 _aUA-OsUOA
_brus
_cUA-OsUOA
_dUA-OsUOA
041 _arus
080 _a82.09(470+571)
090 _a82.09(470+571)
_bС68
100 _aСохряков Ю. И.
245 _aХудожественные открытия русских писателей
_bкнига для учителя
246 3 1 _aО мировом значении русской литературы
260 _aМ.
_bПросвещение
_c1990
300 _a206 с.
650 7 _a82.09 Літературна критика. Літературні дослідження
_2UDC
942 _cBK
_2udc
955 _a1
999 _c373217
_d373217